00782nam a2200205 i 450000100060000000300090000600500170001500700030003200800410003510000310007624500570010726000620016430000690022649000390029560000260033483000470036085200310040799900170043895201210045597975ES-MaACL20230906182207.0t|050721s1948 sz ||||1| fre d1 aMaritain, Raïssa.97690510aChagall ou l'orage enchanté / cRaïssa Maritain. aGenève (Suiza) : bEditions des Trois Collines, c1948. a196 p., 5 h. con 7 lám. col. y 40 lám. n. : bil. ; c24 cm.1 aLes grands peintres par leurs amis04aChagall, Marc.9377840 aLes grands peintres par leurs amis9232310 aES-MaACLjD-7187 bR.30551 c97975d97975 00104070aATENEOMbATENEOMcSVId2008-01-17eSCl0oD-7187p901102277r2023-02-23 00:00:00w2023-02-23yMONOGRAFIA